000 00529nam a2200217Ia 4500
003 OSt
005 20221005121728.0
006 a|||||r|||| 00| 0
007 ta
008 221004b |||||||| |||| 00| 0 eng d
024 _a33136
037 _cTextual
040 _aCRL
_cCRL
_beng
041 _2eng
_aeng
082 _aN2:9Q2, K1
245 0 _aIcons in bronze
_b An introduction to Indian metal images
260 _c1961
650 _aARTS
942 _hN2:9Q2, K1
_cTEXL
_2cc
999 _c1042074
_d1042074